| 000 | 00713nam a22002177a 4500 | ||
|---|---|---|---|
| 003 | OSt | ||
| 005 | 20150408114009.0 | ||
| 008 | 120314t xxu||||| |||| 00| 0 eng d | ||
| 020 | _a9789957452810 | ||
| 040 |
_aMU _bara _cMB |
||
| 082 |
_221 _a658.4012 _bس م ا |
||
| 100 |
_aسالم ، محمد علي _99870 |
||
| 245 |
_aالادارة الاستراتيجية _cمحمد على سالم |
||
| 250 | _aط. 1. | ||
| 260 |
_aعمان، الأردن _bدار البداية _c2009 |
||
| 300 |
_a199 ص _bجداول _c24 سم. |
||
| 650 |
_aالإدارة الاستراتيجية _99871 |
||
| 650 |
_aالإدارة التنفيذية _99615 |
||
| 650 |
_aادارة الافراد _91668 |
||
| 942 |
_2ddc _cBOOK |
||
| 999 |
_c21019 _d255519 |
||